000 02781nam0a2200481 4500
001 RU\NLR\bibl\1723708
005 20260408191924.0
010 _a978-5-7779-1173-5
_bв пер.
_9100
021 _aRU
_b2010-98968
_96681
035 _a(NLR Aleph) 001714688
035 _a(nilc)LIBNET\0000075127
090 _a1301994
_c1301994
100 _a20101021d2010 k y0rusy50 ca
101 0 _arus
102 _aRU
105 _aa |||||||||
200 1 _aРоссия в мировых экономических процессах
_eмонография
_f[О. А. Авдеева, Г. Д. Боуш, О. А. Верховец и др.]
_gотв. ред. к. э. н. Г. Д. Боуш
_gМ-во образования и науки Рос. Федерации, Ом. гос. ун-т им. Ф. М. Достоевского
210 _aОмск
_cИзд-во Омского государственного университета
_d2010
215 _a475 с.
_cил., табл.
_d21
225 1 _aНаучные труды кафедры международных экономических отношений Омского государственного университета
_fредкол.: Ю. П. Дусь - д. э. н., проф. (пред.) [и др.]
_vвып. 4
300 _aАвт. указаны на обороте тит. л.
320 _aБиблиогр. в конце разд. и в тексте
606 _aИнтеграция (экон.)
_yРоссийская Федерация
_3RU\NLR\auth\661285740
_92131264
607 _aРоссийская Федерация
_xСоциально-экономические процессы
_92095181
_3RU\NLR\auth\661267753
610 1 _aЭкономика Российской Федерации
610 1 _aНародное хозяйство Российской Федерации
610 1 _aПроцесс экономический
610 1 _aМировое хозяйство
610 1 _aСистема экономическая
686 _aУ9(2)8(2Р)
686 _aУ03(2Р)74
701 1 _aАвдеева
_bО. А.
_gОльга Александровна
_4070
701 1 _aБоуш
_bГ. Д.
_gГалина Дмитриевна
_4070
701 1 _aВерховец
_bО. А.
_gОлеся Александровна
_4070
702 1 _aБоуш
_bГ. Д.
_gГалина Дмитриевна
_4340
712 0 2 _4570
_aОмский государственный университет им. Ф. М. Достоевского
_3RU\NLR\AUTH\888112
_9288535
801 0 _aRU
_bОмская ГОНБ
_c20101021
_grcr
801 1 _aRU
_bОмская ГОНБ
_c20101021
_grcr
_2rusmarc
801 2 _aRU
_bNLR
_c20110118
_grcr
942 _cBOOK
980 _aNB